Estadísticas para Nombre Circuitos Formula 1 2023 por su trazado.

Haz click aquí para intentar la prueba.

Estadísticas generales

  • Esta prueba ha sido intentada 81 veces
  • La puntuación promedio es 12 de 23

Estadísticas de respuestas

Respuesta% Correcto
Circuit de Monaco
88%
Autodromo Nazionale Monza
74%
Baku City Circuit
73%
Silverstone Circuit
71%
Miami International Autodrome
68%
Suzuka International Racing Course
64%
Las Vegas
61%
Red Bull Ring
61%
Jeddah Corniche Circuit
58%
Autódromo Hermanos Rodríguez
56%
Albert Park Circuit
52%
Marina Bay Street Circuit
50%
Hungaroring
48%
Yas Marina Circuit
47%
Circuit de Spa-Francorchamps
45%
Circuit Zandvoort
45%
Circuit of The Americas
42%
Circuit Gilles-Villeneuve
35%
Bahrain International Circuit
30%
Autódromo Jose Carlos Pace
29%
Autodromo Enzo e Dino Ferrari
27%
Lusail International Circuit
27%
Circuit de Barcelona-Catalunya
26%

Distribución de puntuación

Porcentaje por número respondido

Porcentaje de gente con cada puntuación

Historial de tus puntuaciones

No has intentado esta prueba.